Summer of secrets / (Record no. 2757)

MARC details
000 -LEADER
fixed length control field 01859cam a22004453i 4500
005 - DATE AND TIME OF LATEST TRANSACTION
control field 20240112120349.0
020 ## - INTERNATIONAL STANDARD BOOK NUMBER
International Standard Book Number 9781591940180
Qualifying information (paperback)
020 ## - INTERNATIONAL STANDARD BOOK NUMBER
International Standard Book Number 1591940184
Qualifying information (paperback)
020 ## - INTERNATIONAL STANDARD BOOK NUMBER
International Standard Book Number 9781417783663
020 ## - INTERNATIONAL STANDARD BOOK NUMBER
International Standard Book Number 1417783664
020 ## - INTERNATIONAL STANDARD BOOK NUMBER
International Standard Book Number 9780439904919
020 ## - INTERNATIONAL STANDARD BOOK NUMBER
International Standard Book Number 0439904919
020 ## - INTERNATIONAL STANDARD BOOK NUMBER
International Standard Book Number 9781098250409
Qualifying information (Townsend Press/Spotlight; hc)
020 ## - INTERNATIONAL STANDARD BOOK NUMBER
International Standard Book Number 1098250400
Qualifying information (Townsend Press/Spotlight; hc)
020 ## - INTERNATIONAL STANDARD BOOK NUMBER
International Standard Book Number 9780605596566
Qualifying information (permabound)
020 ## - INTERNATIONAL STANDARD BOOK NUMBER
International Standard Book Number 0605596565
Qualifying information (permabound)
040 ## - CATALOGING SOURCE
Original cataloging agency JED
Language of cataloging eng
Transcribing agency JED
Description conventions rda
Modifying agency XY4
-- INR
-- BAKER
-- XY4
-- EHH
-- OCLCQ
-- YDXCP
-- MOF
-- P@N
-- OCLCA
-- BTCTA
-- NXA
-- JQD
-- PZT
-- UOI
-- BDX
-- IAD
-- OCLCQ
-- OCLCF
-- IAD
-- OCLCQ
-- IAD
-- OCLCO
-- OCL
-- OCLCO
-- IAD
-- OCLCO
-- OCL
-- OCLCO
-- O2C
-- OCLCO
-- RB0
-- OCLCO
-- FEM
-- CDS
-- ZGV
-- OCL
-- IOU
-- CHILD
-- OCLCQ
-- ALWOO
-- OCLCO
-- OCLCQ
-- OCL
-- H9Z
-- CCHGZ
-- OCLCQ
-- HZJ
-- TEU
-- OCLCO
-- ZQP
-- ILM
-- OCLCQ
-- OCLCO
-- NGU
-- WKP
-- IGP
-- OCL
-- OCLCO
-- DLC
050 00 - LIBRARY OF CONGRESS CALL NUMBER
Classification number PZ7.S3768
082 ## - DEWEY DECIMAL CLASSIFICATION NUMBER
Classification number 813
100 1# - MAIN ENTRY--PERSONAL NAME
Personal name Langan, Paul
Dates associated with a name 1972-
Relator term author.
245 10 - TITLE STATEMENT
Title Summer of secrets /
Statement of responsibility, etc. Paul Langan
250 ## - EDITION STATEMENT
Edition statement First Scholastic printing, January 2008
260 ## - PUBLICATION, DISTRIBUTION, ETC.
Place of publication, distribution, etc. West Berlin :
Name of publisher, distributor, etc. Scholastic,
Date of publication, distribution, etc. 2004
300 ## - PHYSICAL DESCRIPTION
Extent 142 pages ;
Dimensions 18 cm
490 1# - SERIES STATEMENT
Series statement Bluford series ;
Volume/sequential designation book 10
500 ## - GENERAL NOTE
General note Reading level: Grade 6, 7, 8, 9, 10.
505 ## - FORMATTED CONTENTS NOTE
Formatted contents note M
520 ## - SUMMARY, ETC.
Summary, etc. When a frightening ordeal turns her life upside down, Darcy reaches out to her friends for help, but discovers that one of them has an even bigger secret.
521 ## - TARGET AUDIENCE NOTE
Target audience note 710
Source Lexile
521 ## - TARGET AUDIENCE NOTE
Target audience note M
Source Raz-Plus
650 #0 - SUBJECT ADDED ENTRY--TOPICAL TERM
Topical term or geographic name entry element African American teenagers
Form subdivision Fiction.
650 #0 - SUBJECT ADDED ENTRY--TOPICAL TERM
Topical term or geographic name entry element High school students
Form subdivision Fiction.
650 #1 - SUBJECT ADDED ENTRY--TOPICAL TERM
Topical term or geographic name entry element Adventure fiction.
650 #1 - SUBJECT ADDED ENTRY--TOPICAL TERM
Topical term or geographic name entry element African American teenagers
Form subdivision Fiction.
655 #0 - INDEX TERM--GENRE/FORM
Genre/form data or focus term Readers (Adult)
655 #7 - INDEX TERM--GENRE/FORM
Genre/form data or focus term Young adult fiction.
Source of term lcsh
906 ## - LOCAL DATA ELEMENT F, LDF (RLIN)
a 7
b cbc
c copycat
d 2
e ncip
f 20
g y-genrareb
942 ## - ADDED ENTRY ELEMENTS (KOHA)
Source of classification or shelving scheme Dewey Decimal Classification
Koha item type Books
Suppress in OPAC No
999 ## -
-- 2757
-- 2757
Holdings
Withdrawn status Lost status Source of classification or shelving scheme Damaged status Not for loan Collection Home library Current library Shelving location Date acquired Total Checkouts Full call number Barcode Date last seen Price effective from Koha item type
    Dewey Decimal Classification     Fiction Footprints International School Library Network Toul Kork Campus Footprints International School Library Network Toul Kork Campus   01/12/2024   LAN 813 PZ7.S3768 FISSE00283 04/23/2025 01/12/2024 Books